Catálogo

CLEAN OF PETROLEUM CONTAMINATED SOILS AT UNDERFROUND... (Registro nro. 8536)

Detalles MARC
000 -LEADER
fixed length control field 00536nam a2200169 a 4500
001 - CONTROL NUMBER
control field 8536
005 - DATE AND TIME OF LATEST TRANSACTION
control field 20180713192458.0
008 - FIXED-LENGTH DATA ELEMENTS--GENERAL INFORMATION
fixed length control field 140415s1990 000 0 spa d
041 ## - LANGUAGE CODE
Language code of text/sound track or separate title spa
082 ## - DEWEY DECIMAL CLASSIFICATION NUMBER
Classification number 628.55
Item number LYM
100 1# - MAIN ENTRY--PERSONAL NAME
Personal name LYMAN, WARREN J.
245 10 - TITLE STATEMENT
Title CLEAN OF PETROLEUM CONTAMINATED SOILS AT UNDERFROUND...
260 ## - PUBLICATION, DISTRIBUTION, ETC.
Place of publication, distribution, etc. [s.l.] :
Name of publisher, distributor, etc. NOYES DATA CORPORATION,
Date of publication, distribution, etc. 1990
300 ## - PHYSICAL DESCRIPTION
Extent 216
650 14 - SUBJECT ADDED ENTRY--TOPICAL TERM
Topical term or geographic name entry element CONTAMINACION DE SUELOS
General subdivision TANQUES DE ALMACENAMIENTO DE CRUDOS
-- CONTAMINACION
700 1# - ADDED ENTRY--PERSONAL NAME
Personal name NOONAN, DAVID C.
Relator term coaut.
Existencias
Withdrawn status Lost status Source of classification or shelving scheme Damaged status Not for loan Collection code Home library Current library Shelving location Date acquired Source of acquisition Inventory number Total Checkouts Full call number Barcode Date last seen Price effective from Koha item type
    Dewey Decimal Classification     General Biblioteca Karol Wojtyla Biblioteca Karol Wojtyla Sala general 03/12/2013 Compra 151000000000000000012364   628.55 LYM 22294 05/01/2026 03/12/2013 Libro